Manual AMIR (Registro nro. 239833)

Detalles MARC
000 -ENCABEZADO
Número de control [NR] 01094 a2200301 4500
005 - FECHA Y HORA DE LA ÚLTIMA TRANSACCIÓN
control field 20160805143637.0
008 - DE LONGITUD FIJA DE DATOS DE ELEMENTOS - INFORMACIÓN GENERAL
Elementos de longitud fija [NR] 140310s2013 sp ad frn 000 0 spa d
020 ## - NUMERO INTERNACIONAL NORMALIZADO PARA LIBROS [R]
Número Internacional Normalizado del libro [NR] 9788461657032
040 ## - FUENTE DE CATALOGACION [NR]
Agencia de catalogación original [NR] CO-BoUCM
Idioma de catalogación [NR] spa
Quien Cataloga Sandra Palacio (modificó)
Quien Clasifica Aldemar Mondragón
041 ## - CODIGO DE IDIOMA [R]
Código de idioma para texto/pista de sonido o título separado [R] Español
060 ## - SIGNATURA TOPOGRAFICA DE LA BIBLIOTECA NACIONAL DE MEDICINA (NLM) [R]
Número clasificador [R] WE 312
245 00 - MENCION DE TITULO [NR]
Título [NR] Manual AMIR
Mención de responsabilidad, etc. [NR] Alberto Touza Fernánde...[y otros autores]
Parte restante del título [NR] Traumatología y cirugía ortopédica
246 ## - FORMA VARIANTE DEL TITULO [R]
Título propiamente dicho/forma breve del título [NR] TM Traumatología y cirugía ortopédica
250 ## - MENCION DE EDICION [NR]
Mención de edición [NR] 6a ed
260 ## - PUBLICACION, DISTRIBUCION, ETC. (PIE DE IMPRENTA) [R]
Lugar de publicación, distribución, etc. [R] [Madrid]
Nombre del editor, distribuidor, etc. [R] Academia de Estudios MIR
Fecha de publicación, distribución, etc. [R] 2013
300 ## - DESCRIPCION FISICA [R]
Extensión [R] 66 páginas
Otros detalles físicos [NR] ilustraciones, tablas, gráficos y diagramas
504 ## - NOTA DE BIBLIOGRAFIA, ETC. [R]
Nota de bibliografía, etc. [NR] Incluye referencias bibliográficas
650 #7 - ASIENTO SECUNDARIO DE MATERIA - TERMINO TEMATICO [R]
9 (RLIN) 10926
Término temático o nombre geográfico como elemento de entrada [NR] Cirugía ortopédica
650 #7 - ASIENTO SECUNDARIO DE MATERIA - TERMINO TEMATICO [R]
9 (RLIN) 16108
Término temático o nombre geográfico como elemento de entrada [NR] Fracturas
650 #7 - ASIENTO SECUNDARIO DE MATERIA - TERMINO TEMATICO [R]
9 (RLIN) 25845
Término temático o nombre geográfico como elemento de entrada [NR] Traumatismo
650 #7 - ASIENTO SECUNDARIO DE MATERIA - TERMINO TEMATICO [R]
9 (RLIN) 25860
Término temático o nombre geográfico como elemento de entrada [NR] Traumatología
690 ## - ASUNTO AGREGADO LOCAL DE ENTRADA - TÉRMINO TEMÁTICO (OCLC, RLIN)
Acceso temático local Ortopedia
9 (RLIN) 26544
700 1# - ASIENTO SECUNDARIO - NOMBRE PERSONAL [R]
9 (RLIN) 58099
Nombre personal [NR] Touza Fernández, Alberto
700 1# - ASIENTO SECUNDARIO - NOMBRE PERSONAL [R]
9 (RLIN) 58102
Nombre personal [NR] Campos Pavón, Jaime
700 1# - ASIENTO SECUNDARIO - NOMBRE PERSONAL [R]
Nombre personal [NR] Aso Vizán, Jorge
9 (RLIN) 58140
700 1# - ASIENTO SECUNDARIO - NOMBRE PERSONAL [R]
Nombre personal [NR] Martínez Díez, José Manuel
9 (RLIN) 58139
942 ## - ELEMENTOS DE ENTRADA AGREGADOS (KOHA)
Tema principal Medicina
Tipo de ítem principal el descrito en 300a Libro
Edición 6
Parte restante de la signatura top. T626
Sistema de clasificación NLM
Clasificación WE 312
Existencias
Fecha de último préstamo Total préstamos Signatura topográfica Código de barras Última vez visto Volúmen / Fascículo Ejemplar Costo de reposición Price effective from Tipo de ítem Perdido Sistema de clasificación Dañado No prestable Tipo de ítem específico Suprimido Ubicación habitual Ubicación actual Localización Fecha de creación Proveedor Forma de adquisición Costo
24/08/2016 1 WE 312 T626 200027618 01/12/2025 6a.Ed. Ej.1 26000.00 18/02/2014 Libro   NLM     Libro   Hospital Universitario Mayor Hospital Universitario Mayor 9no piso 18/02/2014 12 Donación 0.00